000 00653nam a2200241Ia 4500
003 OSt
005 20221007072535.0
006 a|||||r|||| 00| 0
007 ta
008 221006b |||||||| |||| 00| 0 eng d
024 _a26,022
037 _cReference Collections
040 _aFLL
_cFLL
_beng
041 _2eng
_aeng
082 _aX724:Z3, L0
100 _aGrundy Milton
_9439372
245 0 _aTax and the family business
250 _a4th
260 _aLondon
_bSweet & Maxwell Limited UK
_c1970
300 _aviii,173p
_ccm.
942 _hX724:Z3, L0
_cREF
_2CC
999 _c1146358
_d1146358